000 00432nam a2200169Ia 4500
008 221030s9999 xx 000 0 und d
020 _a0074633864
041 _aEnglish
082 _a105.23
_bSal
100 _aS. Salivahanan
245 0 _aElectronic Devices & Circuits
_cby S. Salivahanan, N. S. Kumar
260 _bPearson Education
_aNew Delhi
_c2006
300 _a705
650 _aECE
700 _aN. S. Kumar
942 _cBK
999 _c3463
_d3463